| 000 | 00000nas 2200000za 4500 |
| 001 | 9.508317 |
| 003 | CaOODSP |
| 005 | 20250403104743 |
| 007 | ta |
| 008 | 150406d19491994oncqr p #ss f0 b0fre|d |
| 022 | |a0318-9007 |
| 040 | |aCaOODSP|bfre |
| 041 | |aeng|afre |
| 043 | |an-cn--- |
| 086 | 1 |aCS72-005 |
| 245 | 00|aEstimations du revenu du travail. |
| 246 | 13|aEstimates of labour income |
| 260 | |aOttawa : |bBureau fédéral de la statistique : |bStatistique Canada, |c[1949?-1994]. |
| 310 | |aTrimestriel|bjanv./mars 1976-oct./déc. 1994. |
| 321 | |aMensuel (irrégulier), |boct. 1949-déc. 1975 |
| 546 | |aTexte en anglais seulement, oct. 1949-oct./déc. 1971; texte en anglais et en français, janv./mars 1972- |
| 563 | |aCouverture souple |
| 710 | 1 |aCanada. |bBureau fédéral de la statistique. |
| 710 | 2 |aStatistique Canada. |
| 776 | 0#|tEstimations du revenu du travail |w(CaOODSP)9.806651 |
| 791 | |tEstimates of labour income. |eeng|w(CaOODSP)9.508316 |